Statistics for Countries with Wild Tigers

Click here to take the quiz!

General Stats

  • This quiz has been taken 100,002 times
    (86,773 since last reset)
  • The average score is 10 of 13

Answer Stats

PopulationCountry% Correct
2,603–3,346India
98%
55China
96%
189Thailand
83%
< 5Vietnam
82%
300–500Bangladesh
81%
200–274Nepal
81%
14Laos
79%
371Indonesia
78%
433Russia
77%
22Myanmar
76%
80–120Malaysia
72%
89–124Bhutan
71%
possibleNorth Korea
44%

Score Distribution

Percentile by Number Answered

Percent of People with Each Score

Your Score History

You have not taken this quiz since the last reset